Siglo XX : I.
Innovaciones y corrientes contenidas en el fauvismo y el cubismo y sus principales aportes al arte moderno.
Guardado en:
| Formato: | |
|---|---|
| Series: | Historia del arte
|
| Materias: | |
| Etiquetas: |
Agregar Etiqueta
Sin Etiquetas, Sea el primero en etiquetar este registro!
|
| LEADER | 00832ngm a22002535g 4500 | ||
|---|---|---|---|
| 001 | CEM.cems022595 | ||
| 008 | 130507b2001##################0###0#####d | ||
| 005 | 20241108144041.0 | ||
| 245 | 0 | 0 | |a Siglo XX : |b I. |
| 300 | |a 32'. | ||
| 490 | 0 | |a Historia del arte | |
| 500 | |a En soporte VHS, consultar en ventanilla. | ||
| 520 | |a Innovaciones y corrientes contenidas en el fauvismo y el cubismo y sus principales aportes al arte moderno. | ||
| 538 | |a Soporte: VHS - Norma: Pal N - Color: Si - Grabación DRD 2001 - Hitachi=3965 | ||
| 082 | 7 | 0 | |/ ART-4 |
| 653 | |a ARTE | ||
| 653 | |a HISTORIA DEL ARTE | ||
| 653 | |a PINTURA | ||
| 653 | |a FAUVISMO | ||
| 653 | |a CUBISMO | ||
| 653 | |a ARTE MODERNO | ||
| 653 | |a NIVEL PRIMARIO | ||
| 653 | |a NIVEL SECUNDARIO. | ||
| 859 | |a CEMS |b BIB. CEMS - Depto. Recursos Didacticos |h 709 |i ART-4 |k DRD |p 1238.12 |t Ej.1 | ||
